000 00270nam a2200121Ia 4500
008 190216s9999||||xx |||||||||||||| ||und||
100 _aUsha O V
245 0 _aDhyanam
260 _bNational Book Trust India
_c1976
300 _a42p
650 _aKavithkal
942 _cBK
999 _c25318
_d25318